000 00663nam a2200193 i 4500
001 104716
003 ES-MaACL
007 t|
008 051209s1936 sp ||||1| cat d
100 1 _aMirabent Vilaplana, Francisco.
_981465
245 1 0 _aDe la bellesa
_b: iniciació als problemes de l'estética /
_cdisciplina filosófica Francisco Mirabent Vilaplana.
260 _aBarcelona :
_bInstitut d'estudis catalans,
_c1936.
300 _aXVI, 307 p., 6 h. ;
_c23 cm.
490 1 _aBiblioteca filosófica
710 2 _aInstitut d'Estudis Catalans.
_94743
830 0 0 _aBiblioteca filosófica
_9179275
852 _aES-MaACL
_jC-8122
999 _c104716
_d104716